ბათუმის შოთა რუსთაველის სახელმწიფო უნივერსიტეტის ბიბლიოთეკა

ჩანაწერი Corporate Name

ჩანაწერთა რაოდენობა, რომელიც გამოყენებულია: 1

001 - CONTROL NUMBER

  • control field: 20976

003 - CONTROL NUMBER IDENTIFIER

  • control field: GE_BSU

005 - DATE AND TIME OF LATEST TRANSACTION

  • control field: 20240109133831.0

008 - FIXED-LENGTH DATA ELEMENTS

  • fixed length control field: 240109|| aca||aabn | a|a d

040 ## - CATALOGING SOURCE

  • Original cataloging agency: GE_BSU
  • Transcribing agency: GE_BSU

110 ## - HEADING--CORPORATE NAME

  • Corporate name or jurisdiction name as entry element: საქართველოს მეცნიერებათა აკადემია
  • Date of meeting or treaty signing: კავკასიის ქვეყნებთან სამეცნიერო თანამშრომლობის კომისია. საქართველოს არქეოლოგიური კომისია. საქართველოს ეთნოლოგიური კომისია. არქეოლოგიური კვლევის ცენტრი. მცხეთის არქეოლოგიის ინსტიტუტი.

670 ## - SOURCE DATA FOUND

  • Source citation: Work cat.: (GE_BSU): საერთაშორისო სამეცნიერო კონფერენცია ,, კავკასიის არქეოლოგია (IV) და ეთნოლოგია (III) " = Международная научная конференция ,, Археология (IV) и Этнологя (III) " : მოხსენებათა მოკლე შინაარსების კრებული /